Strategické nástroje kontrolingu v poisťovníctve ako súčasť risk manažmentu
Analýza jednotlivých strategických nástrojov kontrolingu v poisťovacích spoločnostiach, špecifiká týchto nástrojov pri ich využívaní poisťovňami.
Na minha lista:
| Autor principal: | |
|---|---|
| Outros Autores: | |
| Formato: | Capítulo de Livro |
| Idioma: | eslovaco |
| Assuntos: | |
| Tags: |
Sem tags, seja o primeiro a adicionar uma tag!
|
MARC
| LEADER | 00000nla$a2200000$$$4500 | ||
|---|---|---|---|
| 001 | 0134982 | ||
| 005 | 20240502083327.3 | ||
| 041 | 0 | |a slo | |
| 044 | |a CZ | ||
| 245 | 1 | 0 | |a Strategické nástroje kontrolingu v poisťovníctve ako súčasť risk manažmentu |c Anna Majtánová, Hana Dlábiková |
| 520 | |a Analýza jednotlivých strategických nástrojov kontrolingu v poisťovacích spoločnostiach, špecifiká týchto nástrojov pri ich využívaní poisťovňami. | ||
| 610 | 2 | 0 | |a riadenie rizík |
| 610 | 2 | 0 | |a kontroling strategický |
| 610 | 2 | 0 | |a poisťovníctvo |
| 100 | 1 | |a Majtánová, Anna | |
| 700 | 1 | |a Dlábiková, Hana | |